Statistics for Countries with a Formula One Suitable Track

Click here to take the quiz!

General Stats

  • This quiz has been taken 43 times
  • The average score is 28 of 31

Answer Stats

HintAnswer% Correct
Autoromo di Monza, 3 moreItaly
100%
Suzuka Circuit, 1 moreJapan
100%
Silverstone CircuitUnited Kingdom
100%
Circuit of the Americas, 3 moreUnited States
100%
Autodromo Jose Carlos PaceBrazil
98%
Shanghai International CircuitChina
98%
Circuit Paul Ricard, 1 moreFrance
98%
Hockenheimring, NurburgringGermany
98%
Autodromo Hermanos RodriguezMexico
98%
Sochi Autodrom, 2 moreRussia
98%
Circuito de Jerez, 4 moreSpain
98%
Albert Park CircuitAustralia
95%
Red Bull RingAustria
95%
Circuit de Spa-FrancorchampsBelgium
95%
Circuit Gilles VillenueveCanada
95%
Istanbul ParkTurkey
95%
Bahrain International CircuitBahrain
93%
Sepang International CircuitMalaysia
93%
Circuit ZandvoortNetherlands
93%
Portimao* Circuit, 1 morePortugal
93%
Jeddah Corniche CircuitSaudi Arabia
93%
Yas Marina Circuit, 1 moreUnited Arab Emirates
93%
HungaroringHungary
90%
Losail International CircuitQatar
88%
Korea International CircuitSouth Korea
86%
Baku City CircuitAzerbaijan
83%
Buddh International CircuitIndia
81%
Marina Bay Street CircuitSingapore
81%
Circuit de MonacoMonaco
79%
Chang International CircuitThailand
48%
Kuwait Motor TownKuwait
38%

Score Distribution

Percentile by Number Answered

Percent of People with Each Score

Your Score History

You have not taken this quiz